000 00635cam a2200217 4500500
005 20260405003311.0
041 _afre
042 _adc
100 1 0 _aPortevin, Catherine
_eauthor
245 0 0 _aCe qui nous tape sur le système
260 _c2021.
500 _a30
690 _aAlbert Moukheiber
690 _aCerveau
690 _aEmotions
690 _aÉnervement
690 _aGeorg Simmel
690 _aNeurosciences
786 0 _nPhilosophie magazine | 150 | 6 | 2021-06-01 | p. 40-42 | 1951-1787
856 4 1 _uhttps://shs.cairn.info/magazine-philosophie-magazine-2021-6-page-40?lang=fr&redirect-ssocas=7080
999 _c2066267
_d2066267